Adaptive reuse of built heritage in Hong Kong (Record no. 116010)
[ view plain ]
| 000 -LEADER | |
|---|---|
| fixed length control field | 02106cad a22002895a 4500 |
| 001 - CONTROL NUMBER | |
| control field | L159570 |
| 008 - FIXED-LENGTH DATA ELEMENTS--GENERAL INFORMATION | |
| fixed length control field | 100415u20160410xxk g 000 0 eng d |
| 035 ## - SYSTEM CONTROL NUMBER | |
| System control number | (Sirsi) u159570 |
| 041 0# - LANGUAGE CODE | |
| Language code of text/sound track or separate title | eng |
| 050 04 - LIBRARY OF CONGRESS CALL NUMBER | |
| Classification number | 690.241 $2 18 |
| 110 ## - MAIN ENTRY--CORPORATE NAME | |
| Corporate name or jurisdiction name as entry element | Royal Institution of Chartered Surveyors |
| 9 (RLIN) | 4900 |
| 245 00 - TITLE STATEMENT | |
| Title | Adaptive reuse of built heritage in Hong Kong |
| Remainder of title | integrated conservation approach for development |
| Medium | [electronic resource] |
| 260 ## - PUBLICATION, DISTRIBUTION, ETC. | |
| Place of publication, distribution, etc. | London |
| Name of publisher, distributor, etc. | RICS |
| Date of publication, distribution, etc. | 2016 |
| 490 #0 - SERIES STATEMENT | |
| Series statement | RICS Insight |
| 490 #0 - SERIES STATEMENT | |
| Series statement | RICS Research |
| 505 2# - FORMATTED CONTENTS NOTE | |
| Formatted contents note | Introduction: Key Conservation Challenges Facing Public and Private Sectors Introduction -- 1.0 Heritage Conservation in the Public Sector -- 2.0 Heritage Conservation in the Public Sector -- 3.0 Summary and Conclusion -- 4.0 Acknowledgements |
| 520 ## - SUMMARY, ETC. | |
| Summary, etc. | Identifies and discusses the three challenges: commercial sustainability, policy and innovative design and solutions in heritage conservation in Hong Kong, and how to tackle these challenges. While adaptive reuse of built heritage is widely agreed to be the way forward for Hong Kong, the challenge is to build community consensus and support, especially in relation to commercial uses of revitalized buildings. A "quadripartite relationship" involving professional institutions with professionals, and government with NGOs, underpinned by broad-based stakeholder engagement, is considered a possible model for coming up with best practices and standards for heritage conservation that enjoy public trust. For longer term consideration, stakeholders and the government should continue to explore a sustainable funding model for conservation of built heritage, referencing overseas experiences. |
| 590 ## - LOCAL NOTE (RLIN) | |
| Local note | KA NTK |
| 650 24 - SUBJECT ADDED ENTRY--TOPICAL TERM | |
| Topical term or geographic name entry element | CONSERVATION PLANNING |
| 650 24 - SUBJECT ADDED ENTRY--TOPICAL TERM | |
| Topical term or geographic name entry element | BUILT ENVIRONMENT-BUILDING MAINTENANCE AND REFURBISHMENT-BUILDING ADAPTATION |
| 650 24 - SUBJECT ADDED ENTRY--TOPICAL TERM | |
| Topical term or geographic name entry element | HERITAGE PROPERTY |
| 650 24 - SUBJECT ADDED ENTRY--TOPICAL TERM | |
| Topical term or geographic name entry element | PRIVATE SECTOR |
| 651 #4 - SUBJECT ADDED ENTRY--GEOGRAPHIC NAME | |
| Geographic name | Hong Kong |
| 690 ## - LOCAL SUBJECT ADDED ENTRY--TOPICAL TERM (OCLC, RLIN) | |
| Topical term or geographic name as entry element | Conservation and restoration |
| 856 40 - ELECTRONIC LOCATION AND ACCESS | |
| Uniform Resource Identifier | <a href="https://www.rics.org/Global/Hong_Kong_Heritage_Insight.pdf">https://www.rics.org/Global/Hong_Kong_Heritage_Insight.pdf</a> |
| Public note | View the research free of charge at www.rics.org |
| 942 ## - ADDED ENTRY ELEMENTS (KOHA) | |
| Suppress in OPAC | 0 |
| Withdrawn status | Lost status | Source of classification or shelving scheme | Damaged status | Not for loan | Home library | Current library | Shelving location | Date acquired | Total Checkouts | Full call number | Barcode | Date last seen | Copy number | Price effective from | Koha item type |
|---|---|---|---|---|---|---|---|---|---|---|---|---|---|---|---|
| Dewey Decimal Classification | Virtual | Virtual | Online | 12/09/2017 | ONLINE PUBLICATION | 159570-2001 | 06/08/2019 | 1 | 06/08/2019 | Book |